00450nam a2200193Ia 4500008004100000041001200041082000800053082001200061100001800073100001100091245002400102260001100126260003500137260000900172300001500181365002500196650001800221650001700239150901s9999 xx 000 0 und d aEnglish a635 bWIN/GE` aWinkler A J  eAuthor aGeneral viticulture aLondon bUniversity of California Press c1972 a633 Pages aUSD.16.50  aFlori culture aHorticulture